Three Counties, Guess the State - Statistics

General Stats
  • This quiz has been taken 31 times
  • The average score is 31 of 50
Answer Stats
Hint Answer % Correct
Apache, Graham, Yavapai Arizona
100%
Alameda, Riverside, Tuolumne California
100%
DeSoto, Nassau, Sarasota Florida
100%
Honolulu, Kauai, Maui Hawaii
100%
Barnstable, Nantucket, Worcester Massachusetts
100%
Cuyahoga, Licking, Muskingum Ohio
100%
Bibb, Henry, Tuscaloosa Alabama
90%
Denali, Kodiak Island, Skagway Alaska
90%
Chattahoochee, Meriwether, Tift Georgia
90%
Elkhart, Martin, Scott Indiana
90%
Bristol, Kent, Newport Rhode Island
90%
Darlington, Jasper, Spartanburg South Carolina
90%
Fairfield, Litchfield, New London Connecticut
80%
Aroostook, Piscataquis, York Maine
80%
Jackson, Mackinac, Shiawassee Michigan
80%
Burlington, Mercer, Passaic New Jersey
80%
Delaware, Indiana, Susquehanna Pennsylvania
80%
Anne Arundel, Kent, Wicomico Maryland
70%
Benton, Klamath, Umatillla Oregon
70%
Door, Oconto, Waushara Wisconsin
70%
Arapahoe, Gunnison, Yuma Colorado
60%
Bureau, Ogle, Wabash Illinois
60%
Chippewa, Isanti, Wilkin Minnesota
60%
Cape Girardeau, Marion, Schuyler Missouri
60%
Brazoria, Lee, Uvalde Texas
60%
Cowlitz, Grant, Skamania Washington
60%
Kent, New Castle, Sussex Delaware
50%
Douglas, Humboldt, Washoe Nevada
50%
Belknap, Merrimack, Sullivan New Hampshire
50%
Cattaraugus, Livingston, Schoharie New York
50%
Brunswick, Goochland, Spotsylvania Virginia
50%
Craighead, Lawrence, Sebastian Arkansas
40%
Clark, Latah, Owyhee Idaho
40%
Cerro Gordo, Humboldt, Story Iowa
40%
Doniphan, Kiowa, Stanton Kansas
40%
Breckinridge, Montgomery, Wolfe Kentucky
40%
Acadia, Iberia, St. Mary Louisiana
40%
Granite, Judith Basin, Lincoln Montana
40%
Cleveland, Pasquotank, Yadkin North Carolina
40%
Canadian, Jackson, Tillman Oklahoma
40%
Butte, Mellette, Ziebach South Dakota
40%
Carroll, Madison, Sequatchie Tennessee
40%
Daggett, Piute, Washington Utah
40%
Cabell, Harrison, Wetzel West Virginia
40%
Albany, Niobrara, Weston Wyoming
40%
Claiborne, Pontotoc, Walthall Mississippi
30%
Brown, Hooker, Nuckolls Nebraska
30%
Cibola, McKinley, Valencia New Mexico
30%
Bottineau, Pembina, Ward North Dakota
30%
Caledonia, Orleans, Windham Vermont
30%
No matching quizzes found
Score Distribution
Percent of People with Each Score
Percentile by Number Answered
Your Score History
You have not taken this quiz